00614nam a2200205Ia 4500003000400000005001700004008004100021020001900062040000700081041000800088082001600096100003000112245003200142260004200174300000900216650002000225942001300245999001900258952013100277OSt20250927103340.0250729s2006 xx 000 0 und d a978-8183420273 cAL aeng a574.07 MALM aMalhothra Vinayak9222812 aMethods of teaching biology aNew DelhibCrescent Publicationc2006 a301p aBiology9222813 2ddccBED c235621d235621 00104070aALbALd2025-07-29eSita Book Houseg185.00l0o574.07 MALMpBED00940r2025-07-29 16:54:09v185.00w2025-07-29yBK